00417nam a2200169Ia 4500008004100000041001200041082001100053100001700064245003600081365000700117520001300124546001200137630003600149650001300185655001300198730003600211101110s9999 xx 000 0 und d aENGLISH bSR4537 aSuntoke K.K. aThe Cotde of Criminal Procedure b15 aCommerce aENGLISH aThe Cotde of Criminal Procedure aCommerce aCommerce aThe Cotde of Criminal Procedure